| 000 | 01039pam a2200301 a 4500 | ||
|---|---|---|---|
| 001 | completebichonfr00stub | ||
| 003 | CaSfIA | ||
| 005 | 20230525155238.0 | ||
| 007 | cr|||| | ||
| 008 | 890824s1990 nyua b 000 0 eng | ||
| 010 | _a 89035294 | ||
| 040 |
_aDLC _cDLC _dBTCTA _dBAKER _dYDXCP _dCaSfIA |
||
| 020 | _a0876050534 | ||
| 020 | _a9780876050538 | ||
| 035 | _a(OCoLC)20352120 | ||
| 050 | 0 | 0 |
_aSF429.B52 _bS78 1990 |
| 082 | 0 | 0 |
_a636.7/2 _220 |
| 100 | 1 | _aStubbs, Barbara B. | |
| 245 | 1 | 4 |
_aThe complete bichon frise / _h[electronic resource] _cby Barbara B. Stubbs. |
| 260 |
_aNew York : _bHowell Book House, _cc1990. |
||
| 300 |
_avii, 280 p. : _bill. ; _c25 cm. |
||
| 504 | _aIncludes bibliographical references. | ||
| 650 | 0 | _aBichon frise. | |
| 856 | 4 | 1 |
_uhttp://www.archive.org/details/completebichonfr00stub _zFree eBook from the Internet Archive |
| 856 | 4 | 2 |
_uhttp://www.openlibrary.org/books/OL2212483M _zAdditional information and access via Open Library |
| 029 | 1 |
_aNZ1 _b3664549 |
|
| 029 | 1 |
_aAU@ _b000006706638 |
|
| 999 |
_c24056 _d24056 |
||